书目信息 |
| 题名: |
湘南土话词汇研究
|
|
| 作者: | 罗昕如 著 | |
| 分册: | ||
| 出版信息: | 北京 中国社会科学出版社 2004 |
|
| 页数: | 326页 | |
| 开本: | 21cm | |
| 丛书名: | ||
| 单 册: | ||
| 中图分类: | H174 | |
| 科图分类: | ||
| 主题词: | 词汇 , 湘语--词汇--研究 | |
| 电子资源: | ||
| ISBN: | 7-5004-4689-6 | |
| 000 | 01100nam0 2200289 45 | |
| 001 | 0900000036288 | |
| 005 | 20051231100028.43 | |
| 010 | @a7-5004-4689-6@dCNY32.00 | |
| 092 | @aCN | |
| 100 | @a20050705d2004 ekmy0chiy0120 ea | |
| 101 | 0 | @achi |
| 102 | @aCN@b110000 | |
| 105 | @ay az 000yy | |
| 200 | 1 | @a湘南土话词汇研究@9xiang nan tu hua ci hui yan jiu@f罗昕如著@Fluo xin ru zhu |
| 210 | @a北京@c中国社会科学出版社@d2004 | |
| 215 | @a326页@d21cm | |
| 300 | @a湖南师范大学汉语言文字学重点学科及校博士基金资助 | |
| 314 | @a罗昕如,女,湖南省新化县人,1955年8月出生,1977年考入湖南师范大学中文系,1981年毕业,获学士学位,1985年考入湘潭大学中文系,1988年毕业,获学士学位。已出版《言语幽默技巧》、《新化方言研究》等。 | |
| 320 | @a有书目:第318-322页 | |
| 330 | @a本书围绕对于湘南方言的特色,精选湖南方言点词语,对于湘南方言的词汇特色词、语音特色词、通用型量词及构词词缀分析进行重点研究。 | |
| 606 | 0 | @a词汇 |
| 606 | 0 | @a湘语@x词汇@x研究 |
| 690 | @aH174@v4 | |
| 701 | 0 | @a罗昕如@Aluo xin ru@4著 |
| 801 | 0 | @aCN@bCXYBOOK@c20051231 |
| 905 | @a10447@dH174@e20 | |
| 999 | @aAFJ@eJDD | |
| 湘南土话词汇研究/罗昕如著.-北京:中国社会科学出版社,2004 |
| 326页;21cm |
| 湖南师范大学汉语言文字学重点学科及校博士基金资助 |
| ISBN 7-5004-4689-6:CNY32.00 |
| 本书围绕对于湘南方言的特色,精选湖南方言点词语,对于湘南方言的词汇特色词、语音特色词、通用型量词及构词词缀分析进行重点研究。 |
| ● |
| 相关链接 |
|
|
|
|
正题名:湘南土话词汇研究
索取号:H174/20
 
预约/预借
| 序号 | 登录号 | 条形码 | 馆藏地/架位号 | 状态 | 备注 |
| 1 | 0373257 | 203732577 | 第二样本阅览室/ [索取号:H174/20] | 在馆 | |
| 2 | 0373258 | 203732586 | 第四借阅区/ [索取号:H174/20] | 在馆 | |
| 3 | 0373259 | 203732595 | 第四借阅区/ [索取号:H174/20] | 在馆 | |
| 4 | 0373260 | 203732602 | 第四借阅区/ [索取号:H174/20] | 在馆 | |
| 5 | 0373261 | 203732611 | 第四借阅区/ [索取号:H174/20] | 在馆 |